000 00621nam a2200193Ia 4500
005 20260120132316.0
008 008 260114s9999 xx 000 0 eng d
020 _a9780197702451
037 _aEBOOK
040 _aCRL
_beng
_cCRL
041 _aeng
_2eng
084 _qCRL
100 _aAbernathy
_9937459
245 2 _aA Stitch in Time Lean Retailing and the Transformation of Manufacturing - Lessons from the Apparel and Textile Industries
260 _bOxford University PressOxford University Press
_c2023
856 _uhttps://academic.oup.com/book/54670
942 _cEBOOK
999 _c1529382
_d1529382